书目信息 |
| 题名: |
大学英语词汇用法词典
|
|
| 作者: | 康成翠 主编 | |
| 分册: | ||
| 出版信息: | 西安 西安交通大学出版社 2008.11 |
|
| 页数: | 669页 | |
| 开本: | 21cm | |
| 丛书名: | ||
| 单 册: | ||
| 中图分类: | H313.1 | |
| 科图分类: | ||
| 主题词: | 英语--ying yu--词汇--高等学校--教学参考资料 | |
| 电子资源: | ||
| ISBN: | 978-7-5605-2951-6 | |
| 000 | 01010nam0 2200253 450 | |
| 001 | 012009566844 | |
| 005 | 20091015165914.51 | |
| 010 | @a978-7-5605-2951-6@dCNY39.00 | |
| 100 | @a20091015d2008 em y0chiy0120 ea | |
| 101 | 0 | @achi@aeng |
| 102 | @aCN@b610000 | |
| 105 | @ak ae 000yy | |
| 106 | @ar | |
| 200 | 1 | @a大学英语词汇用法词典@Ada xue ying yu ci hui yong fa ci dian@f康成翠主编@Fkang cheng cui zhu bian |
| 210 | @a西安@c西安交通大学出版社@d2008.11 | |
| 215 | @a669页@d21cm | |
| 300 | @a2007年教育部高等教育司《大学英语课程教学要求》“大学英语词汇表”词典 | |
| 320 | @a有书目 (第669页) | |
| 330 | @a本书完全按照2007年7月教育部高等教育司颁布的《大学、英语课程教学要求》中《大学英语参考词汇表》编写,秉承实用理念,紧扣时代脉搏,与时具进,具有鲜明的科学性和人文性。全书共收录7676个词条及1870个词组。 | |
| 606 | 0 | @a英语@Aying yu@x词汇@x高等学校@j教学参考资料 |
| 690 | @aH313.1@v4 | |
| 701 | 0 | @a康成翠@Akang cheng cui@4主编 |
| 801 | 0 | @aCN@bQSSK@c20091015 |
| 905 | @b762185-89@dH313.1@eK230@f5 | |
| 大学英语词汇用法词典/康成翠主编.-西安:西安交通大学出版社,2008.11 |
| 669页;21cm |
| 2007年教育部高等教育司《大学英语课程教学要求》“大学英语词汇表”词典 |
| ISBN 978-7-5605-2951-6:CNY39.00 |
| 本书完全按照2007年7月教育部高等教育司颁布的《大学、英语课程教学要求》中《大学英语参考词汇表》编写,秉承实用理念,紧扣时代脉搏,与时具进,具有鲜明的科学性和人文性。全书共收录7676个词条及1870个词组。 |
| ● |
| 相关链接 |
|
|
|
正题名:大学英语词汇用法词典
索取号:H313.1/K230
 
预约/预借
| 序号 | 登录号 | 条形码 | 馆藏地/架位号 | 状态 | 备注 |
| 1 | 762185 | 207621858 | 语言库209/209语言库 32排5列1层/ [索取号:H313.1/K230] | 在馆 | |
| 2 | 762186 | 207621867 | 语言库209/209语言库 32排5列1层/ [索取号:H313.1/K230] | 在馆 | |
| 3 | 762187 | 207621876 | 语言库209/ [索取号:H313.1/K230] | 在馆 | |
| 4 | 762188 | 207621885 | 语言库209/209语言库 32排5列1层/ [索取号:H313.1/K230] | 在馆 | |
| 5 | 762189 | 207621894 | 语言库209/209语言库 32排5列1层/ [索取号:H313.1/K230] | 在馆 |